Aéroports Français - Statistiques

Statistiques générales
  • Ce quiz a été pris 83 fois
  • Le résultat moyen est 13 sur 50
Statistiques - réponses
Rang Aéroport Nb de passagers 2024 Code IATA % Correct
1 Paris Charles de Gaule 70M CDG
99%
2 Paris Orly 33M ORY
91%
4 Marseille Provence 11M MRS
78%
5 Lyon St-Exupéry 10M LYS
76%
7 Toulouse Blagnac 8M TLS
73%
3 Nice Côte d'Azur 15M NCE
72%
13 Lille Lesquin 2M LIL
53%
9 Nantes Atlantique 7M NTE
51%
17 Ajaccio Napoléon Bonaparte 2M AJA
50%
18 Bastia Poretta 2M BIA
41%
8 Bordeaux Mérignac 7M BOD
41%
10 Paris Beauvais 7M BVA
36%
14 Martinique Aimé Césaire 2M FDF
35%
15 Montpellier-Méditerranée 2M MPL
34%
23 Rennes St-Jacques 590k RNS
34%
25 Nouméa - La Tontouta 490k NOU
30%
12 Guadeloupe - Maryse Condé 2M PTP
28%
11 La Réunion Roland Garros 3M RUN
28%
26 Cayenne - Félix Éboué 480k CAY
27%
22 Brest Bretagne 810k BES
26%
35 Toulon Hyères 310k TLN
26%
6 Bâle Mulhouse 9M BSL
24%
19 Strasbourg 1M SXB
24%
37 Béziers - Cap d'Agde 270k BZR
22%
28 Dzaoudzi - Marcel Henry 450k DZA
22%
16 Tahiti - Fa'a'ā 2M PPT
22%
33 Caen 330k CFR
14%
24 Tarbes Lourdes Pyrénées 590k LDE
14%
38 Limoges-Bellegarde 260k LIG
14%
32 Pau Pyrénées 350k PUF
14%
20 Biarritz Pays Basque 1M BIQ
12%
43 Clermont-Ferrand Auvergne 230k CFE
12%
21 Figari Sud Corse 860k FSC
12%
41 Grenoble-Alpes-Isère 240k GNB
12%
27 Perpignan Rivesaltes 480K PGF
12%
31 Calvi Ste-Catherine 360k CLY
11%
47 Chambéry 160k CMF
11%
39 La Rochelle-Île de Ré 250k LRH
11%
44 Tours-Val de Loire 210k TUF
9%
50 Poitiers-Biard 130k PIS
8%
34 Carcassonne 320k CCF
7%
42 Bergerac-Dordogne-Périgord 240k EGC
7%
40 Nîmes Grande Provence Méditerranée 250k FNI
7%
30 Bora Bora 380k BOB
5%
48 Lifou-Wanaham 160k LIF
5%
29 Nouméa Magenta 400k GEA
3%
49 Huahine 160k HUH
3%
36 Raiatea 300k RFP
1%
46 Saint-Barthélemy 200k SBH
1%
45 Saint-Martin Grand-Case 200k SFG
0%
Aucun quiz correspondant
Distribution des résultats
% des personnes avec chaque résultat
Percentile par nombre de réponses
Votre historique - résultats
Vous n’avez pas pris ce quiz